[Event "Konyaalti Open-A 2019"]
[Site "Konyaalti"]
[Date "2019.11.19"]
[Round "4.9"]
[White "Solozhenkin, Evgeniy"]
[Black "Zarinfam, Arsalan"]
[Result "1-0"]
[WhiteElo "2387"]
[BlackElo "2171"]
[Annotator "TA"]
[PlyCount "65"]
[EventDate "2019.11.20"]
[EventType "swiss"]
[EventCountry "TUR"]
[SourceTitle "playchess.com"]
[Source "ChessBase"]
[SourceQuality "1"]

{[%evp 27,65,14,14,14,14,20,12,13,8,12,10,15,11,0,0,0,0,0,102,96,86,79,89,81,85,94,81,66,106,30,112,103,105,112,177,117,29992,29993,29993,29994]} 1. e4 e5 2. Nf3 Nc6 3. Bb5 a6 4. Ba4 Nf6 5. O-O Be7 6. Re1 b5 7. Bb3 d6 8. c3 O-O 9. h3 Na5 10. Bc2 c5 11. d4 Nd7 12. Nbd2 exd4 13. cxd4 Nc6 14. d5 Nce5 15. a4 {C96: Closed Ruy Lopez: Chigorin Defence: 11 d4, replies other than 11...Qc7} Rb8 16. axb5 axb5 17. Nxe5 {The position is equal.} Nxe5 18. f4 Ng6 19. Nf3 Bh4 20. Rf1 Bg3 21. f5 Ne5 22. Ng5 {[#] Threatens to win with Qh5.} Qf6 $146 (22... Nd7 $11) ({Predecessor:} 22... Bh4 23. f6 h6 24. Qh5 gxf6 25. Nh7 Kxh7 26. Qxh4 {1-0 (26) Inarkiev,E (2732)-Svidler,P (2745) Germany 2016}) 23. Ra3 $16 Bh4 {[#]} 24. Qh5 $1 {[%csl Gg5][%cal Rh5h7][%mdl 512]} Qh6 25. Qxh6 $40 {[%mdl 128] White goes for the king.} gxh6 26. Nf3 Bf6 27. Bxh6 Re8 28. Ng5 (28. b3 $16) 28... Nc4 {[#]} (28... b4 $11 29. Rg3 Bd7) 29. Rg3 $1 {Black must now prevent e5!} ({But not} 29. Ra7 $6 Rb7 $11) 29... Be5 30. Rff3 Nxb2 {[#]} (30... Rb7 $16 {was worth a try.}) 31. f6 (31. Rg4 $1 $18 Rb7 32. Rb3) 31... Nc4 $2 {[%mdl 8192] [#]} (31... Rb7 $16) 32. Nxf7+ $1 {[%mdl 512]} Bxg3 (32... Kxf7 33. Rg7+) 33. Nd8 $1 {Accuracy: White = 79%, Black = 45%.} 1-0

[Event "Konyaalti Open-A 2019"]
[Site "Konyaalti"]
[Date "2019.11.19"]
[Round "4.10"]
[White "Rzayev, Askar Aliakbar"]
[Black "Lortkipanidze, Nodar"]
[Result "0-1"]
[WhiteElo "2116"]
[BlackElo "2377"]
[Annotator "TA"]
[PlyCount "50"]
[EventDate "2019.11.20"]
[EventType "swiss"]
[EventCountry "TUR"]
[SourceTitle "playchess.com"]
[Source "ChessBase"]
[SourceQuality "1"]

{[%evp 17,78,26,58,61,63,45,53,48,54,12,18,16,57,0,0,0,0,-11,0,-5,-11,-42,0,-100,-104,-91,-39,-56,-22,-108,-139,-240,0,0,25,-82,-105,-72,-84,-87,-81,-237,-225,-249,-239,-382,-376,-339,-218,-344,-334,-475,-463,-1000,-643,-618,-594,-1018,-982,-1098,-1071,-1097,-1058]} 1. Nf3 f5 2. g3 Nf6 3. Bg2 g6 4. O-O Bg7 5. d4 O-O 6. c4 d6 7. b3 Na6 8. Bb2 c6 9. Nbd2 Nc7 10. Qc2 {A87: Dutch Defence: Leningrad System: 5 Nf3} a5 11. a3 Bd7 12. Rfe1 {White is slightly better.} (12. Ne1 Qe8 13. Nd3 g5 14. e4 fxe4 15. Nxe4 Bf5 16. Rae1 Qg6 17. Qe2 {½-½ (44) Mastrovasilis,A (2551)-Anton Guijarro,D (2650) Caleta 2017}) 12... b5 13. e4 fxe4 14. Nxe4 Bf5 $146 ({Predecessor:} 14... bxc4 15. bxc4 Nxe4 16. Qxe4 Ne6 17. Rad1 Bf6 18. Bc1 {1-0 (36) Gonzalez Intelangelo,G (2006)-Perez Rosales,P (2045) Gran Canaria 2015}) 15. Nh4 (15. Nxf6+ $14 Bxf6 16. Qc1) 15... Bxe4 16. Bxe4 Nxe4 17. Qxe4 bxc4 18. bxc4 d5 19. cxd5 Qxd5 (19... Rb8 $5 {[%cal Rb8b2]} 20. Re2 Qxd5 21. Qxd5+ cxd5 $15) 20. Qxe7 (20. Qxd5+ $11 {keeps the balance.} Nxd5 21. Rac1) 20... Rab8 $1 $17 {[%cal Rb8b2]} 21. Rab1 Nb5 ({Black should try} 21... Qa2 $1 $17 22. Qxc7 Rxb2 23. Rxb2 Qxb2 {[%mdl 64] Double Attack}) 22. Ng2 {Black must now prevent Nf4.} Qf5 {[%mdl 1024] Hoping for ...Nc3! Black has compensation.} (22... Qa2 $5 {[%cal Rb5c3]} 23. Ba1 Qxf2+ 24. Kh1 Nxd4 25. Rxb8 Rxb8 26. Bxd4 Bxd4 27. Qe6+ Kh8 28. Qxc6 Rf8 $17) 23. Nf4 {[#]} (23. Qe2 $11) 23... Nc3 $1 $36 {[%cal Rc3b1][%mdl 2048] Black is in control.} 24. d5 (24. Bxc3 $17 Rxb1 25. Rxb1 Qxb1+ 26. Kg2) 24... Rf7 $2 ({Weaker is} 24... cxd5 25. Bxc3 Bxc3 26. Rxb8 $16) (24... Bf6 $19 25. Qe6+ Qxe6 26. Rxe6 Nxd5 27. Nxd5 cxd5 28. Bxf6 Rxb1+ 29. Kg2 Rb3) 25. Qd6 $1 $11 {[%cal Rd6b8]} Rff8 {Played: Bg7-e5} 0-1

[Event "Konyaalti Open-A 2019"]
[Site "Konyaalti"]
[Date "2019.11.19"]
[Round "5.1"]
[White "Ibrahimov, Rasul"]
[Black "Shanava, Konstantine"]
[Result "1/2-1/2"]
[WhiteElo "2518"]
[BlackElo "2491"]
[Annotator "TA"]
[PlyCount "32"]
[EventDate "2019.11.20"]
[EventType "swiss"]
[EventCountry "TUR"]
[SourceTitle "playchess.com"]
[Source "ChessBase"]
[SourceQuality "1"]

{[%evp 15,26,28,47,7,4,14,49,19,8,10,27,21,37]} 1. e4 c5 2. Nf3 d6 3. Bb5+ Bd7 4. Bxd7+ Qxd7 5. c4 Nf6 6. Nc3 Nc6 7. d4 cxd4 8. Nxd4 Qg4 9. O-O {B52: Sicilian: Moscow Variation with 3...Bd7} (9. Qxg4 Nxg4 10. Nxc6 bxc6 11. b3 g6 12. Bb2 Rg8 13. h3 Ne5 14. O-O-O Bh6+ 15. Kc2 f5 16. Rhe1 f4 17. f3 Bg7 18. Ne2 g5 {1-0 (69) Blomqvist,E (2545)-Adly,A (2603) Baku 2016}) 9... Qxd1 $1 10. Rxd1 Rc8 11. Nde2 g6 12. f3 Bg7 13. Be3 O-O {Predecessor:} 14. b3 $146 a6 15. Rac1 Rfe8 16. h3 Nd7 {½-½ (31) Komliakov,V (2434)-Nechepurenko,R (2353) Serpukhov 2004} 1/2-1/2

[Event "Konyaalti Open-A 2019"]
[Site "Konyaalti"]
[Date "2019.11.19"]
[Round "5.2"]
[White "Haznedaroglu, Kivanc"]
[Black "Nigalidze, Gaioz"]
[Result "1-0"]
[WhiteElo "2461"]
[BlackElo "2472"]
[Annotator "TA"]
[PlyCount "119"]
[EventDate "2019.11.20"]
[EventType "swiss"]
[EventCountry "TUR"]
[SourceTitle "playchess.com"]
[Source "ChessBase"]
[SourceQuality "1"]

{[%evp 23,119,12,13,-1,0,-5,19,6,18,21,20,17,22,19,35,27,50,10,19,22,27,15,25,17,12,0,0,0,6,0,0,0,0,0,0,0,20,14,29,8,7,0,15,16,37,25,28,15,34,3,0,0,57,60,62,54,62,24,18,0,0,0,0,0,47,10,169,204,197,110,143,131,130,93,229,237,205,149,285,303,287,191,206,142,306,297,403,395,372,372,636,604,29984,29985,29985,29986,29986,1331]} 1. e4 c5 2. Nf3 Nc6 3. d4 cxd4 4. Nxd4 Nf6 5. Nc3 e5 6. Ndb5 d6 7. Bg5 a6 8. Na3 b5 {[%cal Bb7b5,Bb5b4][%mdl 32]} 9. Nd5 Be7 10. Bxf6 Bxf6 11. c4 b4 12. Nc2 a5 13. h4 {B33: Sicilian: Pelikan and Sveshnikov Variations} (13. Qf3 Be6 14. Rd1 Bxd5 15. exd5 Nd4 16. Nxd4 exd4 17. Bd3 Kf8 18. g3 g6 19. h4 h5 20. O-O Kg7 {½-½ (34) Karjakin,S (2748)-Radjabov,T (2759) Moscow 2019}) 13... O-O 14. g3 Bb7 15. Bh3 {The position is equal.} Nb8 16. Nce3 Na6 17. Qf3 Nc5 18. Rd1 $146 ({Predecessor:} 18. Kf1 Bc8 19. Kg2 Be6 20. Rad1 Rc8 {½-½ (32) Bluhm,S (2082)-Dirmeier,C (2030) Germany 2014}) 18... Bxd5 19. Nxd5 Be7 20. Ne3 Ra6 21. O-O Re8 22. Rd5 Bf8 23. Rfd1 Rc6 24. Ng4 {Threatens to win with Nxe5!} Qe7 25. Ne3 Qc7 26. h5 h6 27. Bf5 Qe7 28. Kg2 Qc7 29. R5d2 Qd8 30. Qg4 Kh8 31. Kh2 Qe7 32. Qh3 (32. b3 {feels hotter.} Qa7 33. Nd5 Rb8 34. Qe2 Ra6 35. Rb1) 32... Qd8 33. Nd5 Kg8 34. Re2 Kh8 35. Rf1 Ra6 36. f4 Ra7 37. Qg4 Ne6 ({Black should play} 37... Qa8 $11) 38. Bxe6 $14 fxe6 39. Ne3 $36 {[%mdl 2048] White has some pressure.} exf4 40. gxf4 Rf7 41. f5 exf5 42. Rxf5 Rxf5 43. Nxf5 Qf6 44. Nh4 Qe6 $2 (44... Qf1 $11) 45. Ng6+ $18 Kg8 46. Qxe6+ (46. Kg3 $1 $18) 46... Rxe6 {[%mdl 4096] Endgame KRB-KRN} 47. Kg3 Be7 48. Kg4 Bg5 {[#]} (48... Kf7 $16) 49. e5 $1 dxe5 50. Rxe5 Ra6 {[#]} (50... Kf7 $16 {was called for.}) 51. Kf5 $1 {Threatening mate with Re8+.} Kf7 52. b3 Bf6 53. Rb5 Bc3 $2 (53... Ke8 $16 {was necessary.} 54. Rb7 Kd8) 54. c5 {aiming for Rb6.} Ke8 55. Ke4 Kd7 {Black wants to play ...Kc6.} 56. Kd5 Rf6 $2 {[#]} (56... Kc7 57. Ne7 Bd2) 57. c6+ $1 {[%mdl 512]} Kd8 (57... Rxc6 58. Nf8+) 58. Rb8+ {White mates.} Kc7 59. Rb7+ Kd8 60. Ne7 {Accuracy: White = 52%, Black = 34%.} (60. c7+ $142 Kc8 61. Ne7+ Kxb7 62. c8=Q+ Kb6 63. Qb8+ Ka6 64. Kc5 Bd4+ 65. Kxd4) 1-0

[Event "Konyaalti Open-A 2019"]
[Site "Konyaalti"]
[Date "2019.11.19"]
[Round "5.3"]
[White "Noroozi, Omid"]
[Black "Gokerkan, Cem Kaan"]
[Result "0-1"]
[WhiteElo "2345"]
[BlackElo "2452"]
[Annotator "TA"]
[PlyCount "78"]
[EventDate "2019.11.20"]
[EventType "swiss"]
[EventCountry "TUR"]
[SourceTitle "playchess.com"]
[Source "ChessBase"]
[SourceQuality "1"]

{[%evp 13,78,0,5,-15,-3,-14,-12,-70,-68,-45,-54,-66,-54,-102,-101,-127,-133,-125,-134,-130,-124,-114,-52,-44,-29,-91,-73,-104,-107,-104,-98,-100,-83,-139,-103,-124,-133,-135,-125,-193,-192,-241,-221,-237,-240,-327,-320,-500,-489,-487,-471,-1211,-907,-907,-900,-900,-900,-900,-892,-883,-883,-809,-805,-1048,-1051,-1676,-1502]} 1. c4 Nf6 2. Nc3 g6 3. e4 d6 4. d4 Bg7 5. Be2 O-O 6. Bg5 c5 7. dxc5 dxc5 8. Qxd8 {E74: King's Indian: Averbakh Variation: 6...c5} Rxd8 9. e5 (9. f4 Nc6 10. Nf3 h6 11. Bh4 Nd4 12. Nxd4 cxd4 13. Nd5 Nxe4 14. Nxe7+ Kh7 15. Nxg6 Re8 {1-0 (47) Hracek,Z (2625)-Venkatesh,M (2506) Golden Sands 2013}) 9... Ng4 10. Nd5 (10. Bxe7 $11 Re8 11. Bxc5) 10... Nc6 $15 11. f4 $146 ({Predecessor:} 11. Rd1 Bf5 12. f4 f6 13. h3 Ngxe5 14. Bxf6 exf6 15. fxe5 fxe5 {0-1 (41) Schepetkova,M (2243)-Kashlinskaya,A (2459) Moscow 2018}) 11... f6 12. exf6 exf6 13. Bh4 {[#]} Nb4 $1 {[%cal Rb4c2]} 14. O-O-O {Strongly threatening Ne7+.} ({Avoid the trap} 14. Ne7+ $2 Kf7 $19) 14... Nxd5 15. Rxd5 Rxd5 16. cxd5 Ne3 17. Bf3 {[#]} Bh6 (17... Bg4 $1 $17 18. Bxg4 Nxg4) 18. Ne2 g5 19. Bf2 (19. Be1 $11 {remains equal.}) 19... gxf4 $17 20. b3 Bf5 21. Kb2 b6 22. Nc3 Ng4 23. Bh4 (23. Bxg4 $142 Bxg4 24. Be1) 23... Bg5 24. Bxg5 fxg5 25. Bxg4 Bxg4 {[%mdl 4096] Endgame KRB-KRN} 26. Re1 (26. Ne4 $17 {was called for.} Bf5 27. Re1) 26... Kf7 $19 27. h4 h6 ({Resist} 27... gxh4 28. Re4 $17) 28. hxg5 hxg5 29. a3 Rh8 30. Nb5 (30. Ne4 $142 Kg6 31. Rg1) 30... Rh2 {Black is clearly winning.} 31. Nd6+ Kg6 32. Re8 (32. Kc3 $142 Rxg2 33. Re8) 32... Rxg2+ 33. Kc3 f3 34. Rg8+ Kh7 35. Rf8 Kg7 36. Rf7+ Kg6 37. Rf8 Re2 38. Kd3 Re5 39. Kc4 Bf5 {Accuracy: White = 31%, Black = 76%.} 0-1

[Event "Konyaalti Open-A 2019"]
[Site "Konyaalti"]
[Date "2019.11.19"]
[Round "5.4"]
[White "Gadimbayli, Abdulla"]
[Black "Yurtseven, Melih"]
[Result "1/2-1/2"]
[WhiteElo "2447"]
[BlackElo "2388"]
[Annotator "TA"]
[PlyCount "33"]
[EventDate "2019.11.20"]
[EventType "swiss"]
[EventCountry "TUR"]
[SourceTitle "playchess.com"]
[Source "ChessBase"]
[SourceQuality "1"]

{[%evp 14,21,14,4,18,22,28,0,-5,0]} 1. e4 e6 2. d4 d5 3. Nd2 c5 4. Ngf3 cxd4 5. Nxd4 Nc6 6. Bb5 Bd7 7. Nxc6 bxc6 8. Bd3 Bd6 {C07: French Tarrasch: 3...c5, 4 Ngf3 and 4 exd5 Qxd5} 9. Qe2 e5 10. O-O Ne7 11. c4 {Predecessor:} d4 $146 12. c5 Bxc5 13. Nc4 Ng6 14. Qh5 Be7 15. Bd2 O-O 16. Nxe5 Nxe5 17. Qxe5 {1-0 (35) Nisipeanu,L (2680)-Gorodetzky,D (2461) Budapest 2019} 1/2-1/2

[Event "Konyaalti Open-A 2019"]
[Site "Konyaalti"]
[Date "2019.11.19"]
[Round "5.5"]
[White "Suzan, Ufuk"]
[Black "Solozhenkin, Evgeniy"]
[Result "0-1"]
[WhiteElo "1823"]
[BlackElo "2387"]
[Annotator "TA"]
[PlyCount "60"]
[EventDate "2019.11.20"]
[EventType "swiss"]
[EventCountry "TUR"]
[SourceTitle "playchess.com"]
[Source "ChessBase"]
[SourceQuality "1"]

{[%evp 15,74,-11,-3,-21,0,-22,-23,-41,-46,-39,-56,-72,-27,-60,-60,-71,-53,-129,-130,-187,-181,-185,-181,-172,-172,-177,-173,-231,-227,-306,-304,-308,-306,-332,-304,-302,-302,-300,-299,-300,-300,-529,-494,-672,-672,-669,-668,-653,-645,-645,-617,-743,-729,-737,-730,-731,-716,-707,-691,-650,-625]} 1. e4 c5 2. Nf3 d6 3. d3 Nc6 4. g3 Nf6 5. Bg2 g6 6. O-O Bg7 7. Nc3 O-O 8. Bg5 h6 9. Bd2 {B25: Closed Sicilian: 3 g3, lines without early Be3} (9. Be3 e5 10. h3 Nd4 11. Ne1 Be6 12. Qd2 Kh7 13. Kh2 d5 14. f4 dxe4 15. fxe5 Nd5 16. Nxe4 Nxe3 17. Qxe3 Bxe5 {0-1 (31) Bortnyk,O (2581)-Mamedov,R (2688) Tallinn 2016}) 9... Rb8 10. Ne1 b5 11. f4 $146 {Black must now prevent e5.Black has an edge.} ({Predecessor:} 11. Ne2 e5 12. f4 d5 {½-½ (12) Sereinig,E (2300)-Eichert,W (2068) St Veit 2000}) 11... Bg4 12. Bf3 Bd7 13. Ne2 b4 14. c3 bxc3 15. Bxc3 Qb6 $36 {[%mdl 2048] Black has the initiative.} 16. Kh1 (16. Nc2 $15) 16... Nd4 $1 $17 17. Bg2 {[#]} (17. Bxd4 $17 {was the only defense.} cxd4 18. b3) 17... Ng4 $1 $19 18. Qd2 {[#]} Nxe2 $1 19. Qxe2 Bxc3 20. bxc3 Qb2 21. Nc2 (21. Qxb2 $142 Rxb2 22. Kg1) 21... Qxc3 22. f5 Ne5 23. Ne3 Rb2 ({But not} 23... Qxd3 24. Qxd3 Nxd3 25. Rad1 $19) (23... Nxd3 24. Nd5 $17) 24. Nd1 Rxe2 25. Nxc3 Rd2 26. Nd5 Re8 ({Resist} 26... Nxd3 27. Nxe7+ Kg7 28. Rab1 $19) ({Don't take} 26... Rxd3 27. Nxe7+ Kg7 28. Nd5 $17) 27. fxg6 fxg6 28. Nc7 $2 (28. Rfd1 Rxd3 29. Rxd3 Nxd3 30. Rb1) 28... Rb8 {aiming for ...Rbb2!Black is clearly winning.} 29. Nd5 Rbb2 30. Ne3 {[#]} Rxd3 {Played: Bd7-h3} 0-1

[Event "Konyaalti Open-A 2019"]
[Site "Konyaalti"]
[Date "2019.11.19"]
[Round "5.6"]
[White "Lortkipanidze, Nodar"]
[Black "Kamer, Kayra"]
[Result "1-0"]
[WhiteElo "2377"]
[BlackElo "2329"]
[Annotator "TA"]
[PlyCount "43"]
[EventDate "2019.11.20"]
[EventType "swiss"]
[EventCountry "TUR"]
[SourceTitle "playchess.com"]
[Source "ChessBase"]
[SourceQuality "1"]

{[%evp 24,43,0,4,22,-24,299,322,423,433,417,417,325,565,1217,1167,1102,775,1823,1173,1486,1479]} 1. e4 c5 2. c3 Nf6 3. e5 Nd5 4. d4 cxd4 5. cxd4 e6 6. Nf3 d6 7. a3 Bd7 8. Bd3 Bc6 9. O-O Nd7 10. Re1 Be7 11. exd6 Bxd6 12. Nc3 Nxc3 13. bxc3 Qa5 {B22: Sicilian: 2 c3} 14. c4 $146 ({Predecessor:} 14. Ng5 Nf6 15. c4 O-O 16. Bd2 Qc7 17. d5 exd5 18. Bc3 Ne4 19. Nxh7 Bxh2+ 20. Kf1 Kxh7 21. cxd5 Bxd5 22. Rxe4 Bxe4 23. Bxe4+ {0-1 (50) Sznapik,A-Vogt,L (2480) Poznan 1976}) 14... Qh5 $2 {[%mdl 8192] [#]} (14... Bxf3 $11 15. gxf3 Qc7) 15. d5 $1 $18 {[%cal Rd5c6]} Ne5 {White has a decisive advantage.} 16. dxc6 Nxf3+ 17. Qxf3 Qxh2+ 18. Kf1 Be5 {White is clearly winning.} 19. cxb7 Rd8 20. Rb1 {[#] Threatens to win with Rxe5!} Bc3 21. Rd1 O-O 22. Bf4 1-0

[Event "Konyaalti Open-A 2019"]
[Site "Konyaalti"]
[Date "2019.11.19"]
[Round "5.7"]
[White "Moiseenko, Vadim"]
[Black "Mammadova, Narmin"]
[Result "1-0"]
[WhiteElo "2532"]
[BlackElo "2282"]
[Annotator "TA"]
[PlyCount "67"]
[EventDate "2019.11.20"]
[EventType "swiss"]
[EventCountry "TUR"]
[SourceTitle "playchess.com"]
[Source "ChessBase"]
[SourceQuality "1"]

{[%evp 9,90,15,18,2,20,0,0,0,0,-2,0,0,0,0,0,0,0,0,0,0,0,0,0,0,12,0,2,0,20,20,10,0,8,0,20,3,12,6,8,8,26,18,35,16,78,13,9,6,12,20,87,84,72,75,162,166,152,156,265,271,277,267,272,272,256,219,225,164,187,185,230,179,454,443,572,559,548,518,930,785,29990,29991,29999]} 1. d4 d5 2. c4 c6 3. Nc3 Nf6 4. e3 g6 5. Qa4 (5. h4 Bg7 6. Nh3 Bxh3 7. Rxh3 h5 8. Qb3 Qd7 9. Bd2 e6 10. O-O-O Qc7 11. Kb1 Nbd7 12. Rc1 Qb6 {0-1 (88) Rapport,R (2747)-Yu,Y (2752) Saint Louis 2019}) 5... Bg7 6. cxd5 {D10: Slav Defence: 3 cxd5 (without early Nf3) and 3 Nc3} Nxd5 7. Nxd5 Qxd5 8. Nf3 {The position is equal.} O-O 9. Bd2 $146 ({Predecessor:} 9. Bc4 Qd6 10. Qb3 Nd7 11. O-O Nb6 12. Be2 Be6 13. Qd1 {½-½ (13) Sumets,A (2580)-Danin,A (2564) Heusenstamm 2014}) 9... Be6 10. Be2 c5 11. O-O Nc6 {[%cal Rc5d4]} 12. dxc5 Qxc5 13. Rac1 Qb6 14. b4 {Threatens to win with b5.} a6 15. a3 Rfd8 16. Bc3 h6 17. Bxg7 Kxg7 18. Qc2 Rd7 19. Nd2 Bd5 20. Bg4 Rd6 21. Qb2+ Kg8 22. Rc2 Rad8 23. Rfc1 h5 24. Be2 Re6 25. Rc5 Red6 26. h3 Qa7 (26... R6d7 $11) 27. R1c2 (27. Nb1 $16) 27... Qb8 $11 28. a4 b6 29. R5c3 Qa8 (29... a5 $11 {remains equal.} 30. bxa5 Nxa5) 30. Nc4 $16 Bxc4 31. Rxc4 b5 (31... a5 $16 {was necessary.}) 32. axb5 $18 axb5 33. Rc5 e5 (33... Na7 $16 34. Qe5 R8d7) 34. Bxb5 {Played: Be2-f3} 1-0

[Event "Konyaalti Open-A 2019"]
[Site "Konyaalti"]
[Date "2019.11.19"]
[Round "5.8"]
[White "Kiremitciyan, Ari"]
[Black "Ozen, Deniz"]
[Result "1/2-1/2"]
[WhiteElo "2264"]
[BlackElo "2422"]
[Annotator "TA"]
[PlyCount "158"]
[EventDate "2019.11.20"]
[EventType "swiss"]
[EventCountry "TUR"]
[SourceTitle "playchess.com"]
[Source "ChessBase"]
[SourceQuality "1"]

{[%evp 20,158,31,39,69,33,91,62,87,64,66,61,64,21,43,13,39,40,25,33,50,38,46,21,65,31,50,30,87,81,160,137,231,141,372,361,342,170,178,170,179,178,176,175,167,164,175,136,136,122,163,152,149,149,150,149,146,146,147,150,190,138,139,135,124,126,143,113,113,74,120,113,120,120,120,120,120,89,120,120,120,31,31,31,31,31,31,31,31,31,31,31,31,31,31,17,31,17,31,31,31,17,32,32,32,31,32,32,32,32,32,32,32,31,31,31,32,31,31,31,31,31,31,0,31,31,31,31,31,31,31,31,31,31,31,31,31,0,0,0,0]} 1. Nf3 Nf6 2. c4 c6 3. Nc3 d5 4. e3 g6 5. d4 Bg7 6. Be2 O-O 7. O-O dxc4 8. Bxc4 Bg4 9. h3 Bxf3 10. Qxf3 Nbd7 11. Rd1 Bh6 $146 {D94: Grünfeld: 4 Nf3 Bg7 5 e3} ({Predecessor:} 11... e5 12. d5 e4 13. Nxe4 Nxe4 14. Qxe4 Nb6 15. Bb3 cxd5 16. Bxd5 Nxd5 17. Rxd5 Qb6 18. Qd3 Rad8 19. e4 Bd4 20. Qf3 Rc8 21. a4 Rc2 22. a5 Qb4 {1-0 (70) Yu,Y (2738)-Bai,J (2606) Daqing 2019}) 12. Bf1 Qb6 (12... e5 $14) 13. Bd2 Rfe8 {White is slightly better.} 14. b4 e5 15. dxe5 Rxe5 16. Na4 Qc7 17. Bd3 Re7 18. Bc2 Bg7 19. Rac1 Rae8 20. Be1 Ne5 21. Qe2 Qb8 22. b5 cxb5 23. Qxb5 Nc6 (23... a6 $11 {remains equal.} 24. Qb1 b5) 24. Bb3 Bh6 (24... a6 $142 25. Qe2 Rd7) 25. Nc5 $16 Ne5 (25... Rd8 $16 26. Bc3 Ne8 27. Rxd8 Nxd8) 26. Qe2 Ned7 $2 {[#]} (26... Bg7 $16 {keeps fighting.} 27. Bc3 Rc8) 27. Nxd7 $18 Rxd7 28. Rxd7 (28. Bc3 $142 Bg7 29. Qf3) 28... Nxd7 29. Qc4 Ne5 30. Qc7 b5 31. Qxb8 Rxb8 32. Rc7 a6 33. Bc3 Nc4 34. Ra7 Bg7 35. Bxg7 Kxg7 36. Rxa6 {[%mdl 4096] Endgame KRB-KRN} Rb7 37. g4 Rd7 38. Rc6 Ra7 39. Rc5 Nd6 40. Rd5 ({White should try} 40. f3 $18) 40... Ne4 $16 41. Rxb5 Nc3 42. Rb6 Nxa2 43. Bxa2 Rxa2 {KR-KR} 44. Kg2 g5 45. Kg3 Re2 46. Rb5 h6 47. Rf5 Re1 48. Kg2 Ra1 49. h4 gxh4 50. Rh5 ({White should play} 50. f3 $16) 50... Kg6 $14 51. Rxh4 Kg5 52. Rh5+ Kxg4 53. Rxh6 Kg5 54. Rb6 f6 55. Kf3 Ra2 56. Rb5+ Kg6 57. Kg3 Re2 58. Rb3 Ra2 59. f3 Ra4 60. Rb5 Rc4 61. e4 Rc3 62. Kf4 Ra3 63. Rb7 Rc3 64. Kg4 Re3 65. Re7 Re1 66. Re8 Rg1+ 67. Kf4 {[#] White threatens Rg8+ and mate.} Rh1 68. Rg8+ Kf7 69. Ra8 Rf1 70. Kg4 Rg1+ 71. Kf4 Rf1 72. Ra7+ Ke6 73. Ra6+ Ke7 74. Ra3 {Black must now prevent Kf5.} Ke6 75. Rd3 Rf2 76. Ke3 Rf1 77. f4 Re1+ 78. Kd4 f5 79. exf5+ Kxf5 {Accuracy: White = 60%, Black = 48%.} 1/2-1/2

[Event "Konyaalti Open-A 2019"]
[Site "Konyaalti"]
[Date "2019.11.19"]
[Round "5.9"]
[White "Burcu, Cagatay"]
[Black "Bashirli, Nail"]
[Result "1-0"]
[WhiteElo "2331"]
[BlackElo "2383"]
[Annotator "TA"]
[PlyCount "113"]
[EventDate "2019.11.20"]
[EventType "swiss"]
[EventCountry "TUR"]
[SourceTitle "playchess.com"]
[Source "ChessBase"]
[SourceQuality "1"]

{[%evp 10,113,29,34,29,0,36,22,77,21,23,-28,35,-7,0,0,0,0,0,-20,0,0,24,0,0,0,12,0,42,0,8,5,27,0,6,0,1,7,22,22,46,50,48,51,61,64,95,94,104,92,95,80,129,144,158,114,105,125,119,125,127,114,101,96,154,148,128,130,178,164,162,160,190,151,190,198,198,175,286,272,278,216,2075,1802,1515,666,1612,1327,1675,1607,1600,1537,3366,3366,29971,29972,29972,29973,29971,29971,29972,29972,29975,29976,29982,29981]} 1. d4 Nf6 2. Bf4 g6 3. Nc3 c5 4. d5 d6 5. Nf3 Bg7 6. e4 O-O {A43: Schmid Benoni} 7. Bd3 b5 $146 ({Predecessor:} 7... Bg4 8. h3 Bxf3 9. Qxf3 Na6 10. Qd1 Nc7 11. O-O b5 12. a3 Rb8 13. Re1 a5 14. Qd2 {1-0 (55) Grischuk,A (2795)-Kramnik,V (2760) Sochi 2014}) 8. Nxb5 Qb6 (8... Nxe4 $11 9. Bxe4 Qa5+ 10. Nc3 Qb4) 9. O-O (9. c4 $16) 9... Nxe4 $1 $11 10. a4 (10. Qe2 $142 f5 11. Rab1) 10... Nf6 ({Black should try} 10... a6 $11) 11. c4 a6 12. a5 Qd8 13. Nc3 Bg4 14. Be2 Bxf3 15. Bxf3 Nbd7 16. Bd2 Rb8 17. Na4 Ne8 18. Qc2 e5 19. dxe6 fxe6 20. Bg4 Nc7 21. Rab1 Ne5 {[%cal Bd7e5,Be5c6,Bc6d4][%mdl 32]} 22. Be2 Nc6 23. Nb6 Nd4 24. Qd1 e5 25. Bd3 Qh4 26. Qe1 Qg4 {...Nf3+ is the strong threat.} 27. Kh1 Rf7 28. f3 Qh5 29. Be4 Bh6 30. b4 Bxd2 31. Qxd2 Kg7 32. Nd5 Nce6 33. b5 $1 {[%cal Rb5a6]} axb5 34. cxb5 Rxb5 35. Rxb5 Nxb5 36. Rb1 Ned4 (36... Qh4 $142) 37. Nc3 $16 Nxc3 38. Qxc3 {Black must now prevent a6.} Qh4 39. a6 Ne2 {[#]} 40. Qe1 $1 {[%cal Re1h4]} Qxe1+ 41. Rxe1 {[%mdl 4096] Endgame KRB-KRN} Nc3 42. Bb7 {[%mdl 1024] And now a7 would win. White has strong compensation.} Nb5 {[#]} 43. Rb1 $1 {[%cal Rb1b5]} Na7 (43... Nc7 $142) 44. Bd5 $18 {Hoping for Rb7.} Re7 45. Rb6 Kh6 $2 (45... c4 46. Bxc4 Rc7) 46. Rb7 Rg7 47. Kg1 (47. h4 $142 Nc8 48. g4) 47... Nc8 48. Kf2 g5 49. g4 Kg6 {[#]} 50. h4 $1 {[%mdl 512]} gxh4 {[#]} 51. g5 $1 {[%mdl 512]} Ne7 (51... Kxg5 52. Rxg7+) 52. a7 {White mates.} Nxd5 53. Rxg7+ Kxg7 54. a8=Q Nf4 55. Qd8 c4 56. Qxd6 Nd3+ 57. Ke3 {Accuracy: White = 64%, Black = 31%.} 1-0